Mariah Carey: Complete Discography - Statistics

General Stats
  • This quiz has been taken 534 times
    184 since last reset
  • The average score is 118 of 238
Answer Stats
Album Song % Correct
Emotions Emotions
92%
Mariah Carey Vision of Love
92%
Daydream Fantasy
91%
Music Box Hero
88%
Merry Christmas All I Want for Christmas Is You
87%
Butterfly Butterfly
86%
Butterfly My All
86%
Music Box Dreamlover
85%
Charmbracelet The One
85%
Daydream Always Be My Baby
84%
The Emancipation of Mimi We Belong Together
84%
Mariah Carey Someday
83%
Rainbow Heartbreaker
82%
Memoirs of an Imperfect Angel Obsessed
82%
Butterfly Honey
81%
Single I Don't
81%
Mariah Carey Love Takes Time
81%
Music Box Without You
81%
Daydream One Sweet Day
79%
E=MC² Touch My Body
79%
Here For It All Mi
78%
Music Box Music Box
78%
Mariah Carey I Don't Wanna Cry
77%
Mariah Carey Prisoner
75%
The Emancipation of Mimi Shake It Off
75%
Butterfly The Roof
75%
Charmbracelet Through the Rain
75%
Glitter Loverboy
74%
The Emancipation of Mimi Fly Like a Bird
73%
The Emancipation of Mimi It's Like That
73%
Emotions Make It Happen
73%
Rainbow Thank God I Found You
73%
Butterfly Breakdown
72%
Emotions Can't Let Go
72%
Daydream Underneath the Stars
72%
Music Box Anytime You Need a Friend
70%
Butterfly Whenever You Call
70%
#1's When You Believe
70%
Butterfly Babydoll
69%
Rainbow Can't Take That Away
69%
Daydream Forever
69%
MTV Unplugged I'll Be There
69%
Me. I Am Mariah... The Elusive Chanteuse #Beautiful
68%
Caution Caution
68%
Me. I Am Mariah... The Elusive Chanteuse Cry.
68%
The Emancipation of Mimi (Bonus) Don't Forget About Us
68%
#1's I Still Believe
68%
Daydream Open Arms
68%
Mariah Carey Vanishing
67%
Memoirs of an Imperfect Angel It's a Wrap
66%
Butterfly Outside
66%
Here For It All Here For It All
65%
E=MC² Migrate
65%
Mariah Carey There's Got to Be a Way
65%
The Emancipation of Mimi Circles
64%
Butterfly Fourth of July
64%
Rainbow Petals
64%
Butterfly The Beautiful Ones
64%
Memoirs of an Imperfect Angel I Want to Know What Love Is
63%
The Emancipation of Mimi Say Somethin'
63%
Rainbow X-Girlfriend
63%
E=MC² Bye Bye
62%
Caution GTFO
62%
Daydream Looking In
62%
Daydream Melt Away
62%
The Emancipation of Mimi Mine Again
62%
Glitter Never Too Far
62%
Rainbow Bliss
61%
Charmbracelet Boy (I Need You)
61%
Music Box (Bonus) Everything Fades Away
61%
Glitter Lead the Way
61%
Emotions The Wind
61%
Charmbracelet Clown
60%
Rainbow Crybaby
60%
Daydream Long Ago
60%
Mariah Carey All in Your Mind
59%
The Emancipation of Mimi Get Your Number
59%
Daydream I Am Free
59%
#1 to Infinity Infinity
59%
Here For It All Sugar Sweet
59%
Emotions And You Don't Remember
58%
Butterfly Fly Away / Butterfly Reprise
58%
Emotions If It's Over
58%
#1's Sweetheart
58%
Here For It All Type Dangerous
58%
Memoirs of an Imperfect Angel Up Out My Face
58%
E=MC² I Stay in Love
57%
Music Box Now That I Know
57%
The Emancipation of Mimi Your Girl
57%
The Emancipation of Mimi Stay the Night
56%
Caution With You
56%
Charmbracelet Yours
56%
Butterfly Close My Eyes
55%
Memoirs of an Imperfect Angel H.A.T.E.U.
55%
Rainbow How Much
55%
Charmbracelet (Bonus) Miss You
55%
Music Box Never Forget You
55%
Memoirs of an Imperfect Angel Angels Cry
54%
Glitter Last Night a DJ Saved My Life
54%
Rainbow After Tonight
53%
Mariah Carey Alone in Love
53%
Caution A No No
53%
Daydream Daydream Interlude
53%
Rainbow Did I Do That?
53%
Merry Christmas II You Oh Santa!
53%
Glitter Twister
53%
Daydream When I Saw You
53%
Mariah Carey You Need Me
53%
Caution 8th Grade
52%
Charmbracelet Bringin' On the Heartbreak
52%
Charmbracelet (Bonus) I Know What You Want
52%
The Emancipation of Mimi Joy Ride
52%
Rainbow Rainbow (Interlude)
52%
Mariah Carey Sent from Up Above
52%
Charmbracelet Sunflowers for Alfred Roy
52%
The Emancipation of Mimi To the Floor
52%
The Emancipation of Mimi I Wish You Knew
51%
Caution Portrait
51%
Here For It All Play This Song
50%
Glitter All My Life
49%
Glitter Didn't Mean to Turn You On
49%
E=MC² I'm That Chick
49%
Caution The Distance
49%
Emotions Till the End of Time
49%
Emotions To Be Around You
49%
Here For It All Confetti & Champagne
48%
Merry Christmas Miss You Most (At Christmas Time)
48%
Charmbracelet My Saving Grace
48%
E=MC² Side Effects
48%
Emotions So Blessed
48%
Emotions You're So Cold
48%
Music Box I've Been Thinking About You
47%
Here For It All Jesus I Do
47%
Charmbracelet Lullaby
47%
E=MC² O.O.C.
47%
Memoirs of an Imperfect Angel Candy Bling
46%
Caution Giving Me Life
46%
E=MC² Love Story
46%
The Emancipation of Mimi One and Only
46%
The Emancipation of Mimi (Bonus) Sprung
46%
Me. I Am Mariah... The Elusive Chanteuse Thirsty
46%
Rainbow Against All Odds (Take a Look at Me Now)
45%
Music Box All I've Ever Wanted
45%
E=MC² Cruise Control
45%
Music Box (Bonus) Endless Love
45%
Me. I Am Mariah... The Elusive Chanteuse Faded
45%
E=MC² For the Record
45%
Me. I Am Mariah... The Elusive Chanteuse Meteorite
45%
Memoirs of an Imperfect Angel Ribbon
45%
The Rarities Here We Go Around Again
44%
Glitter If We
44%
E=MC² I Wish You Well
44%
Here For It All In Your Feelings
43%
Memoirs of an Imperfect Angel Standing O
43%
Charmbracelet Subtle Invitation
43%
E=MC² (Bonus) Heat
42%
E=MC² I'll Be Lovin' U Long Time
42%
Charmbracelet I Only Wanted
42%
Here For It All I Won't Allow It
42%
Music Box Just to Hold You Once Again
42%
Here For It All Nothing Is Impossible
42%
Caution One Mo' Gen
42%
Glitter Reflections (Care Enough)
42%
The Rarities Slipping Away
42%
Memoirs of an Imperfect Angel The Impossible
42%
Glitter Want You
42%
Me. I Am Mariah... The Elusive Chanteuse (Bonus) Betcha Gon' Know
41%
Me. I Am Mariah... The Elusive Chanteuse You Don't Know What to Do
41%
E=MC² Last Kiss
40%
Features | Here For It All My Love
40%
Me. I Am Mariah... The Elusive Chanteuse (Bonus) The Art of Letting Go
38%
Me. I Am Mariah... The Elusive Chanteuse Money
37%
E=MC² (Bonus) 4real4real
36%
Glitter Don't Stop (Funkin' 4 Jamaica)
36%
Music Box (Bonus) Do You Think Of Me
36%
Me. I Am Mariah... The Elusive Chanteuse Make It Look Good
36%
Caution (Bonus) Runway
36%
The Emancipation of Mimi (Bonus) So Lonely / One and Only Part II
36%
E=MC² Thanx 4 Nothin'
36%
Rainbow Vulnerability (Interlude)
36%
Charmbracelet You Got Me
36%
Me. I Am Mariah... The Elusive Chanteuse Dedicated
35%
Memoirs of an Imperfect Angel More Than Just Friends
35%
Me. I Am Mariah... The Elusive Chanteuse One More Try
35%
The Emancipation of Mimi (Bonus) Secret Love
35%
Music Box (Bonus) All I Live For
34%
Soundtracks Almost Home
34%
Merry Christmas II You When Christmas Comes
34%
Me. I Am Mariah... The Elusive Chanteuse You're Mine (Eternal)
34%
Memoirs of an Imperfect Angel Inseparable
33%
The Rarities Out Here on My Own
32%
The Rarities Save the Day
32%
Caution Stay Long Love You
32%
Me. I Am Mariah... The Elusive Chanteuse Supernatural
32%
The Rarities Can You Hear Me
31%
Me. I Am Mariah... The Elusive Chanteuse Camouflage
30%
Merry Christmas II You Christmas Time Is in the Air Again
30%
The Rarities I Pray
30%
Charmbracelet You Had Your Chance
30%
The Rarities Cool on You
29%
Rainbow (Bonus) Theme from Mahogany / Do You Know Where You're Going To?
29%
Rainbow (Bonus) There For Me
29%
Merry Christmas Jesus Born on This Day
28%
Music Box (Bonus) My Prayer
28%
Charmbracelet Irresistible (West Side Connection)
26%
The Rarities Mesmerized
26%
Music Box (Bonus) Workin' Hard
26%
The Rarities Lullaby of Birdland
25%
Merry Christmas II You One Child
25%
Memoirs of an Imperfect Angel Languishing (The Interlude)
24%
The Rarities One Night
24%
Memoirs of an Imperfect Angel Angel (the Prelude)
22%
Memoirs of an Imperfect Angel Betcha Gon' Know (The Prologue)
22%
Me. I Am Mariah... The Elusive Chanteuse Heavenly (No Ways Tired / Can't Give Up Now)
21%
Rainbow (Bonus) Rainbow's End
20%
Soundtracks The Star
20%
Memoirs of an Imperfect Angel Up Out My Face (The Reprise)
20%
Memoirs of an Imperfect Angel The Impossible (The Reprise)
19%
Single Triumphant (Get 'Em)
19%
Merry Christmas II You Auld Lang Syne / The New Year's Anthem
18%
Soundtracks Lil Snowman
17%
Soundtracks In the Mix
15%
Me. I Am Mariah... The Elusive Chanteuse (Bonus) America the Beautiful
14%
Features Lil' L.O.V.E.
14%
Charmbracelet (Bonus) There Goes My Heart
14%
The Emancipation of Mimi (Bonus) Makin' It Last All Night (What It Do)
13%
Features U Make Me Wanna
13%
Single Fall in Love at Christmas
12%
Soundtracks Infamous
12%
Soundtracks 100%
11%
Soundtracks Right to Dream
10%
Features Where I Belong
9%
Features Can't Say No
8%
Charmbracelet (Bonus) Got a Thing 4 You
8%
Features Things That U Do
7%
Duets / Collaborations What More Can I Give
6%
Duets / Collaborations When Do the Bells Ring for Me
5%
No matching quizzes found
Score Distribution
Percent of People with Each Score
Percentile by Number Answered
Your Score History
You have not taken this quiz since the last reset